Top 30 Highest Known Bounties in One Piece (Pirates and Marines) - Statistics

General Stats
  • This quiz has been taken 49 times
  • The average score is 26 of 30
Answer Stats
Bounties Answer % Correct
4.388.000.000 Belly Charlotte Linlin
100%
5.046.000.000 Belly Edward Newgate
100%
4.048.900.000 Belly Figarland Shanks
100%
3.000.000.000 Belly Monkey D. Luffy
100%
1.032.000.000 Belly Vinsmoke Sanji
100%
3.189.000.000 Belly Buggy
97%
5.564.800.000 Belly Gol D. Roger
97%
4.611.100.000 Belly Kaido
97%
1.111.000.000 Belly Roronoa Zoro
97%
3.590.000.000 Belly Dracule Mihawk
95%
1.100.000.000 Belly Jinbe
95%
3.996.000.000 Belly Marshall D. Teach
95%
3.000.000.000 Belly Trafalgar D. Water Law
95%
3.000.000.000 Belly Eustass "Captain" Kidd
92%
1.320.000.000 Belly Queen
90%
1.965.000.000 Belly Sir Crocodile
90%
1.390.000.000 Belly Alber
87%
3.000.000.000 Belly Borsalino
85%
1.057.000.000 Belly Charlotte Katakuri
85%
3.000.000.000 Belly Monkey D. Garp
85%
1.659.000.000 Belly Boa Hancock
82%
1.000.000.000 Belly Jack
82%
5.000.000.000 Belly Sakazuki
82%
1.374.000.000 Belly Marco
79%
3.000.000.000 Belly Aramaki
72%
3.000.000.000 Belly Issho
72%
932.000.000 Belly Charlotte Smoothie
64%
1.800.000.000 Belly Dorry
54%
1.800.000.000 Belly Brogy
51%
2.600.000.000 Belly Loki
49%
No matching quizzes found
Score Distribution
Percent of People with Each Score
Percentile by Number Answered
Your Score History
You have not taken this quiz